| 000 | 01468nam a2200349 i 4500 | ||
|---|---|---|---|
| 003 | DO-SdBNP | ||
| 005 | 20260417203557.0 | ||
| 007 | ta | ||
| 008 | 110413s1980 dr ao 001 0 spa d | ||
| 040 |
_aDO-SdBNP _bspa _cBNPHU _erda |
||
| 082 | 4 |
_axxx _bE34s _222 |
|
| 100 | 1 |
_aEichen, Josef David, _eautor _4aut. _983972 |
|
| 245 | 1 | 0 |
_aSosúa : _buna colonia hebrea en la República Dominicana / _cJosef David Eichen ; presentación, Danilo de los Santos |
| 264 | 1 |
_aSanto Domingo : _bEditora UCMM, _c1980. |
|
| 300 |
_a126 páginas : _bilustraciones, fotografías ; _c24cm. |
||
| 336 |
_atexto _btxt _2rdacontent |
||
| 337 |
_asin mediación _bn _2rdamedia |
||
| 338 |
_avolumen _bnc _2rdacarrier |
||
| 490 | _aColección Estudios | ||
| 590 | _aInventariado, 2023/ YL | ||
| 650 | 0 |
_aSanciones económicas _983963 |
|
| 650 | 4 |
_aSanciones económicas _vCasos de estudio _zAmérica Latina _983964 |
|
| 650 | 4 |
_aComercio de azúcar _xHistoria _ySiglo XX. _zRepública Dominicana _983965 |
|
| 650 | 4 |
_aArancel sobre el azúcar _zEstados Unidos. _983966 |
|
| 650 | 4 |
_aDemocratización _zRepública Dominicana. _983967 |
|
| 651 | 4 |
_aEstados Unidos _xRelaciones exteriores _zRepública Dominicana _96309 |
|
| 651 | 4 |
_aRepública Dominicana _xRelaciones exteriores _zEstados Unidos _96308 |
|
| 700 | 1 |
_aSantos, Danilo de los, _d1943-2018 _epresentación _4pre. _910278 |
|
| 710 | 2 |
_a Universidad Católica Madre y Maestra. _935753 |
|
| 910 | _aYLockward | ||
| 942 |
_2ddc _cLBS1 |
||
| 999 |
_c54439 _d54439 |
||